John Nolan

NC State A


Categories

Social Science020120111122.0001
History - American History0100108686.0001
History - World History010010112112.0001
Other Science: Earth Science010010134134.0001
Fine Arts - Auditory Fine Arts010010131131.0011
Science - Biology010110140140.0001
Science - Chemistry010010112112.0011
Other Science: Math010010121121.0011
Science - Physics01105105105.0001

Buzzes

History - American HistoryRoss Perot1086
Science - Physicsmass10105
Social Sciencedemocracies10111
Science - Chemistrysilicon10112
History - World HistoryChile10112
Science - Physicsinternal energy-5117
Other Science: Mathvector spaces10121
Fine Arts - Auditory Fine ArtsClaude Debussy10131
Social Sciencelies10133
Other Science: Earth Sciencewaves10134